| 000 | 00982cab a2200241 4500 | ||
|---|---|---|---|
| 001 | ABS53463 | ||
| 008 | 090401t1995 xxu||||| |||| 00| 0 eng d | ||
| 035 | _a(Sirsi) u4401 | ||
| 041 | _aeng | ||
| 100 | _aReeds, J. | ||
| 245 | _aWe do like to be beside the seaside | ||
| 260 | _c1995 | ||
| 350 | _a0 | ||
| 490 |
_aContract Journal _v380(6038) 17 August 1995, 16-23(7) |
||
| 520 | _aExamines the financing of coastal protection work shared between the National Rivers Authority and local authorities, looks at the development of shoreline management plans, the new ferry terminal at Holyhead, Anglesey, calls for contractors to play a key role in designing materials for coastal protection projects concluding with an investigation of marine site investigation procurement procedures. | ||
| 650 | _aCOASTAL PROTECTION | ||
| 650 | _aEROSION | ||
| 650 | _aSHORELINE MANAGEMENT PLANS | ||
| 690 | _aLAND | ||
| 690 | _aMARINE RESOURCES | ||
| 942 | _n0 | ||
| 948 | _c04/03/1997 | ||
| 999 |
_c2645 _d2645 |
||